Etats du Saint Empire en 1356 - Statistiques

Statistiques générales
  • Ce quiz a été pris 1 042 fois
  • Le résultat moyen est 55 sur 388
Réponses sur la Carte
Les réponses sont colorées sur une échelle allant du rouge au vert en fonction du pourcentage des utilisateurs qui les ont devinées à leur premier essai. Vous pouvez retrouver ces pourcentages ci-dessous.
 
Statistiques - réponses
State % Correct
Bavière-Munich
90%
Bavière-Landshut
81%
Bavière-Straubing
80%
Bohème
80%
Milan
79%
Savoie
78%
Autriche
77%
Saxe
77%
Bourgogne
76%
Gênes
76%
Provence
76%
Hambourg
74%
Brandebourg
68%
Hollande
68%
Brandebourg
67%
Florence
67%
Genève
66%
Strasbourg
66%
Berg
65%
Cologne
64%
Luxembourg
61%
Lorraine
59%
Bern
58%
Brême
58%
Zurich
57%
Flandres
56%
Francfort
55%
Pise
54%
Pomeranie-Stettin
52%
Pomeranie-Wolgast
52%
Holstein-Kiel
51%
Palatinat du Rhin
50%
Metz
49%
Tyrol
49%
Liège
48%
Mülhausen
48%
Brabant
46%
Basel
45%
Holstein-Rendsburg
45%
Holstein-Schauenburg
45%
Lübeck
43%
Mayence
43%
Salzbourg
43%
Monaco
42%
Piémont
42%
Besançon
41%
Hesse
41%
Nuremberg
41%
Colmar
40%
Trêves
40%
Württemberg
40%
Sienne
39%
Utrecht
36%
Fribourg
35%
Bar
34%
Hainaut
34%
Styrie
34%
Anhalt
32%
Ulm
32%
Baden
31%
Lausanne
31%
Lucques
31%
Münster
30%
Valais
30%
Verdun
30%
Neuchâtel
29%
Toul
28%
Trente
28%
Dortmund
27%
Augsburg
26%
Carinthie
26%
Magdeburg
26%
Zeeland
25%
Aachen
24%
Lucerne
24%
Trieste
24%
Mantoue
23%
Namur
22%
Nassau
22%
Constance
21%
Lüneburg
21%
Montferrat
21%
Oldenburg
21%
Padoue
21%
Uri
21%
Moravia
20%
Breslau
19%
Pavie
17%
Sion
17%
Cambrai
16%
Cleves
16%
Essen
16%
Oppeln
15%
Aquilée
14%
Dresden
14%
Modena
14%
Hagenau
13%
Ordre teutonique
13%
Arezzo
12%
Schlettstadt
12%
Schwyz
12%
Sundgau
12%
Verona
12%
Auschwitz
11%
Bamberg
11%
Biel
11%
Lippe
11%
Osnabrück
11%
Passau
11%
Chur
10%
Hohenzollern
10%
Saluzzo
10%
Schwerin
10%
St. Gallen
10%
Memmingen
9%
Verden
9%
Worms
9%
Zug
9%
Carniola
8%
Cilli
8%
Gelre
8%
Glogau
8%
Goslar
8%
Lauenburg
8%
Reggio
8%
Würzburg
8%
Fulda
7%
Mömpelgard
7%
Oberehnheim
7%
Ruppin
7%
Saarbrücken
7%
Salm
7%
St. Maurice
7%
Wissembourg
7%
Dithmarschen
6%
Glarus
6%
Görz
6%
Hall
6%
Kaysersberg
6%
Loon
6%
Meissen
6%
Nidwalden
6%
Obwalden
6%
Paderborn
6%
Solothurn
6%
Tübingen
6%
Vaudémont
6%
Göttingen
5%
Jülich
5%
Montfort
5%
Ravensberg
5%
Ravensburg
5%
Rheingraviate
5%
Speyer
5%
Waldeck
5%
Zweibrücken-Bitsch
5%
Aalen
4%
Enghien
4%
Gruyères
4%
Hanau
4%
Kempten
4%
Lindau
4%
Mark
4%
Minden
4%
Mühlhausen
4%
Murten
4%
Regensburg
4%
Schaumberg
4%
Schwarzburg
4%
Thuringia
4%
Alba
3%
Apremont
3%
Breisgau
3%
Brixen
3%
Burgau
3%
Cammin
3%
Finale
3%
Fürstenberg
3%
Hohenlohe
3%
Hoya
3%
Lichtenberg
3%
Liegnitz
3%
Murbach
3%
Reutlingen
3%
Rosheim
3%
Rothenburg
3%
Solms
3%
Teck
3%
Türkheim
3%
Ventimiglia
3%
Zweibrücken-Zweibrücken
3%
Arenberg
2%
Belluno
2%
Berchtesgaden
2%
Blamont
2%
Brieg
2%
Chiny
2%
Donauwörth
2%
Freising
2%
Friedburg
2%
Hildesheim
2%
Lebus
2%
Mansfeld
2%
Münsterberg
2%
Noli
2%
Oels
2%
Oettingen
2%
Offenburg
2%
Pyrmont
2%
Rochefort
2%
Sayn
2%
Stargard
2%
Steinau
2%
Tecklenburg
2%
Troppau
2%
Werle
2%
Wolfenbüttel
2%
Ahaus
1%
Arnsberg
1%
Badenweiler
1%
Beichlingen
1%
Belmont
1%
Bentheim
1%
Beuren
1%
Biberach
1%
Blankenburg
1%
Bopfingen
1%
Bruchhausen
1%
Buchau
1%
Buchhorn
1%
Castell
1%
Clavesana
1%
Colditz
1%
Corvey
1%
Cuijk
1%
Dagsburg
1%
Delmenhorst
1%
Diepholz
1%
Dinkelsbühl
1%
Disentis
1%
Dohna
1%
Eberstein
1%
Eichstätt
1%
Ellwangen
1%
Engelberg
1%
Erbach
1%
Eschenbach
1%
Esslingen
1%
Everstein
1%
Falkenstein
1%
Fleckenstein
1%
Fosdinovo
1%
Gelnhausen
1%
Gengenbach
1%
Gersau
1%
Giengen
1%
Gleichen
1%
Gmünd
1%
Goldegg
1%
Grubenhagen
1%
Hachberg
1%
Halberstadt
1%
Hattstatt
1%
Havelberg
1%
Hayingen
1%
Heiligenberg
1%
Heinsberg
1%
Helfenstein
1%
Hellenstein
1%
Henneberg
1%
Hersfeld
1%
Hohenberg
1%
Hohengeroldseck
1%
Hohenlimburg
1%
Hohnstein
1%
Homburg
1%
Hoorn
1%
Höwen
1%
Isenburg
1%
Katzenelnbogen
1%
Kevernburg
1%
Kirchberg
1%
Kling
1%
Königsegg
1%
Kornelimünster
1%
Laufenburg
1%
Leiningen
1%
Leisnig
1%
Leuchtenberg
1%
Leutkirch
1%
Limpurg
1%
Löwenstein
1%
Lützelstein
1%
Manderscheid
1%
Merseburg
1%
Misox
1%
Mosbach
1%
Naumburg
1%
Neisse
1%
Nellenburg
1%
Neuenahr
1%
Nordhausen
1%
Nordlingen
1%
Ochsenhausen
1%
Orlamünde
1%
Ortenburg
1%
Ottobeuren
1%
Payerne
1%
Pfullendorf
1%
Pitigliano
1%
Prüm
1%
Püttlingen
1%
Querfort
1%
Ratzeburg
1%
Raugraviate
1%
Rieneck
1%
Rietberg
1%
Rottweil
1%
Saarwerden
1%
Salem
1%
Sargans
1%
Sausenburg
1%
Schönburg
1%
Schussenried
1%
Schwalenberg
1%
Schweidnitz
1%
Schweinfurt
1%
Sovana
1%
Spiegelberg
1%
Sponheim
1%
Stavelot-Malmedy
1%
St. Blaise
1%
Stolberg
1%
Stühlingen
1%
Teschen
1%
Toggenburg
1%
Tresana
1%
Truhendingen
1%
Überlingen
1%
Veldenz
1%
Veringen
1%
Vogtland
1%
Waldburg
1%
Waldenburg
1%
Walkenried
1%
Wangen
1%
Weil
1%
Weingarten
1%
Weissenburg
1%
Werdenberg
1%
Werden-Helmstedt
1%
Wernigerode
1%
Wertheim
1%
Westerburg
1%
Wetzlar
1%
Wied
1%
Wildenberg
1%
Wimpfen
1%
Windsheim
1%
Wittgenstein
1%
Ziegenhain
1%
Zwiefalten
1%
Fénétrange
0%
Rappoltstein
0%
Rottenmünster
0%
Urseren
0%
Weggis
0%
Wunstorf
0%
Aucun quiz correspondant
Distribution des résultats
% des personnes avec chaque résultat
Percentile par nombre de réponses
Votre historique - résultats
Vous n’avez pas pris ce quiz